Responses for show #4984 - Thursday, April 20, 2006

Doug Dorst game 1.
Portions of the Double Jeopardy! round used as background in the film Georgia Rule.

Contestants

[<< previous game]

Erika Engstrom, a university professor from Las Vegas, Nevada

Doug Dorst, a writer and professor from Austin, Texas

Kathleen Larkey, an ESL teacher and program coordinator from Vancouver, British Columbia, Canada (whose 1-day cash winnings total $13,400)

[next game >>]

Jeopardy! Round responses

THE AMERICAN DREAM
HOW TO MARRY A MILLIONAIRE
BILL
GATES
MICRO
"SOFT"
    $200 26
liberty & justice

Erika
    $200 11
(Kathleen: What's a chorus girl?)
(Erika: What's a femme fatale?)
...
(Alex: If you think of Barry Manilow, the song "At The Copa", Lola was a [*]. [Sings] "She was a [*]...")

showgirl

KathleenErika
Triple Stumper
    $200 1
Bill Nye

Erika
    $200 21
Jerusalem

Kathleen
    $200 16
a hummingbird

Erika
    $200 6
soft shell

Erika
    $400 27
the people

Doug
    $400 12
Onassis

Kathleen
    $400 2
Bill Blass

Doug
    $400 22
the Kremlin

Doug
    $400 17
an abacus

Doug
    $400 7
soft money

Erika
    $600 28
union

Kathleen
    $600 13
Ellen Barkin

Doug
    $600 3
Bill Moyers

Doug
    $600 23
Troy

Kathleen
    $600 18
a car

Doug
    $600 8
softwood lumber

Kathleen
    $500 29
(Alex: Kathleen?)
(Kathleen: No, sorry.)
(Alex: And crown thy good with [*].)

brotherhood

Kathleen
    $800 14
Diana Ross

Erika
    $800 4
Bill Richardson

Doug
    $800 24
Valhalla

Erika
    $800 19
(Erika: What's a shark?)
...
(Alex: [*]! Small [*], yes. Cute, too.)

a dinosaur

DougErika
    $800 9
soft focus

Erika
    $1000 30
democracy

Erika
    $1000 15
Nellie Bly

Erika
    $1000 5
(Alex: [*]'s guerrillas.)

William "Bill" Quantrill

Triple Stumper
    $1000 25
Brandenburg

Kathleen
    $1000 20
The Comedy of Errors

Erika
    $1000 10
software

Erika

Scores at the first commercial break (after clue 15):

Kathleen Doug Erika
$800 $2,400 $4,200

Scores at the end of the Jeopardy! Round:

Kathleen Doug Erika
$2,700 $5,000 $6,600

Double Jeopardy! Round responses

POETS & POETRY
CLASSIC CINEMA OF THE '40s
"A" IN SCIENCE
HERALDIC BEASTS
STATE OF THE U.S. REPRESENTATIVE
(Alex: We'll give you the representatives, you identify the state.)
( )-LETTER WORDS
(Alex: I'll give you the number of letters and a brief definition; you have to come up with the word, obviously.)
    $400 11
Allen Ginsberg

Erika
    $400 1
Rebecca

Erika
    $400 6
amino acids

Erika
    $400 16
a dragon

Doug
    $400 26
California

Doug
    $400 21
supercalifragilisticexpialidocious

Doug
    $800 12
Shelley

Erika
    $800 2
Bambi

Doug
    $800 7
ammonia

Triple Stumper
    $800 17
an elephant

Doug
    $800 27
Illinois

Erika
    $800 22
endorse

Erika
    $1200 13
"The Raven"

Erika
    $1200 3
The Philadelphia Story

Erika
    $1200 8
the axis

Triple Stumper
    $1200 18
a wolf

Kathleen
    $1200 28
Pennsylvania

Doug
    $1200 23
ego

Doug
    $1600 14
"The Road Not Taken"

Doug
    $1600 4
Key Largo

Doug
    $1600 9
alleles

Doug
    $1600 19
(Doug: What's a lion?)
(Erika: What's the Loch Ness monster? [Laughs])

the unicorn

DougErika
Triple Stumper
    $100 29
(Alex: Say something.)
(Doug: What is Kentucky?)

Florida

Doug
    $1600 24
fabricate

Doug
    $2000 15
"Song of Myself"

Doug
    $2,000 5
(Alex: Doug?)
(Doug: What is Hatari!?)
(Alex: No. Mount Suribachi is on Iwo Jima; the John Wayne film was [*].)

The Sands of Iwo Jima

Doug
    $2000 10
Allosaurus

Doug
    $2000 20
a griffin

Kathleen
    $2000 30
New York

Erika
    $2000 25
nitroglycerin

Erika

Scores at the end of the Double Jeopardy! Round:

Kathleen Doug Erika
$5,900 $16,900 $15,000

[wagering suggestions for these scores]

Final Jeopardy! Round responses

BOOKS
(Alex: ...you three contestants have to identify a book for us.)
KathleenWhat is In Cold Blood?
$5,900
ErikaWhat is "In Cold Blood"
$2,000
DougWhat is In Cold Blood
$13,101
In Cold Blood (by Truman Capote)

Final scores:

Kathleen Doug Erika
$11,800 $30,001 $17,000
3rd place: $1,000 New champion: $30,001 2nd place: $2,000

Game dynamics:

Coryat scores:

Kathleen Doug Erika
$6,400 $19,000 $15,000
8 R,
2 W
(including 1 DD)
22 R,
3 W
(including 2 DDs)
22 R,
3 W

Combined Coryat: $40,400

The J! Archive is created by fans, for fans. The Jeopardy! game show and all elements thereof, including but not limited to copyright and trademark thereto, are the property of Jeopardy Productions, Inc. and are protected under law. This website is not affiliated with, sponsored by, or operated by Jeopardy Productions, Inc. Join the discussion at JBoard.tv.